|
|
|
|
| LEADER |
00000nam0a2200000 4500 |
| 001 |
219145 |
| 005 |
20231101230234.0 |
| 010 |
|
|
|a 9785948362878
|
| 035 |
|
|
|a (RuTPU)RU\TPU\book\239183
|
| 090 |
|
|
|a 219145
|
| 100 |
|
|
|a 20120702d2011 km y0rusy50 ca
|
| 101 |
1 |
|
|a rus
|c eng
|
| 102 |
|
|
|a RU
|
| 105 |
|
|
|a a z 001zy
|
| 200 |
1 |
|
|a Промышленное применение аккумуляторных батарей. От автомобилей до авиакосмической промышленности и накопителей энергии
|e пер. с англ.
|f под ред. М. Бруссили; Дж. Пистойя
|
| 210 |
|
|
|a Москва
|c Техносфера
|d 2011
|
| 215 |
|
|
|a 782 с.
|c ил.
|
| 225 |
1 |
|
|a Мир физики и техники
|
| 320 |
|
|
|a Библиография в конце глав.
|
| 330 |
|
|
|a В книге представлен аналитический обзор многочисленных электрохимических систем — неводных (с жидкими, полимерными или расплавленными солевыми электролитами) и водных аккумуляторных батарей, а также обсуждаются вопросы дальнейшего совершенствования конструкции батарей, технологии их изготовления, разработки новых материалов и повышения их надежности.Настоящее издание содержит многочисленные примеры применения аккумуляторов: резервное питание, вспомогательное автомобильное оборудование, автоматическое оповещение о катастрофах, охранная, аварийная и пожарная сигнализации, спасательные системы, портативное медицинское оборудование, источники беспе ребойного электропитания, аварийное освещение, измерительные системы, системы контроля и слежения, электроинструменты. Большое внимание уделено примене нию аккумуляторных систем в космонавтике — на спутниках, ракетах-носителях, летательных аппаратах для исследований планеты и космоса. В книге также показано, как новые области применения стимулируют создание новых или усовершенствование существующих аккумуляторных батарей. Авторский коллектив книги — это ученые и специалисты университетов и научных институтов Англии, США, Франции, Бельгии, Израиля, Японии, Италии.Монография предназначена для широкого круга специалистов, работающих в области электроники, полезна для инженеров и преподавателей высшей школы, студентов и аспирантов, бакалавров и магистров.
|
| 606 |
1 |
|
|a Аккумуляторные батареи
|2 stltpush
|3 (RuTPU)RU\TPU\subj\1616
|9 30356
|
| 610 |
1 |
|
|a литиевые источники тока
|
| 610 |
1 |
|
|a перезаряжающиеся аккумуляторы
|
| 610 |
1 |
|
|a неводные аккумуляторные батареи
|
| 610 |
1 |
|
|a водные аккумуляторные батареи
|
| 610 |
1 |
|
|a свинцово-кислотные аккумуляторы
|
| 610 |
1 |
|
|a никель-кадмиевые аккумуляторы
|
| 610 |
1 |
|
|a никель-металлогидридные аккумуляторы
|
| 610 |
1 |
|
|a никель-водородные аккумуляторы
|
| 610 |
1 |
|
|a характеристика
|
| 610 |
1 |
|
|a электрохимические методы
|
| 610 |
1 |
|
|a неэлектрохимические методы
|
| 610 |
1 |
|
|a микроскопия
|
| 610 |
1 |
|
|a измерения
|
| 610 |
1 |
|
|a тяговые аккумуляторные батареи
|
| 610 |
1 |
|
|a электромобили
|
| 610 |
1 |
|
|a применение
|
| 610 |
1 |
|
|a авиация
|
| 610 |
1 |
|
|a космонавтика
|
| 610 |
1 |
|
|a спутниковые аккумуляторы
|
| 610 |
1 |
|
|a стартовые батареи
|
| 610 |
1 |
|
|a авиационные аккумуляторы
|
| 610 |
1 |
|
|a орбитальные ступени
|
| 610 |
1 |
|
|a пилотируемые полеты
|
| 610 |
1 |
|
|a тепловые батареи
|
| 610 |
1 |
|
|a стационарное применение
|
| 610 |
1 |
|
|a редокс-аккумуляторы
|
| 610 |
1 |
|
|a энергия ветра
|
| 610 |
1 |
|
|a аккумулирование
|
| 610 |
1 |
|
|a солнечная энергия
|
| 610 |
1 |
|
|a измерительные системы
|
| 610 |
1 |
|
|a аварийная сигнализация
|
| 610 |
1 |
|
|a беспроводные инструменты
|
| 610 |
1 |
|
|a медицинское оборудование
|
| 610 |
1 |
|
|a долговечность
|
| 610 |
1 |
|
|a утилизация
|
| 610 |
1 |
|
|a сбор
|
| 610 |
1 |
|
|a мировой рынок
|
| 675 |
|
|
|a 621.355
|v 3
|
| 702 |
|
1 |
|a Бруссили
|b М.
|g Мишель
|4 340
|
| 702 |
|
1 |
|a Пистойя
|b Дж.
|g Джанфранко
|4 340
|
| 801 |
|
1 |
|a RU
|b 63413507
|c 20120702
|
| 801 |
|
2 |
|a RU
|b 63413507
|c 20150609
|g RCR
|
| 942 |
|
|
|c BK
|
| 959 |
|
|
|a 98/20120702
|d 2
|e 1300,00
|f ЧЗТЛ:1
|f АНЛ:1
|